000 00472nam a2200133Ia 4500
008 221007s9999 xx 000 0 und d
041 _aeng
082 _bMAD
100 _aMadhuri Ghate & [Guide Name] - C M Joshi
_9103209
245 _aFinancial Analysis of Wind Turbine Installation In Selected States With Specific Reference to Polices of State Gocernments (2005-2010)
260 _cJul-15
_bSavitribai Phule Pune University
_aPune
300 _a258p
906 _bGeneral
999 _c73475
_d73475